Missing Vowels WWII Generals (and admirals) - Statistics

General Stats
  • This quiz has been taken 15 times
  • The average score is 11 of 15
Answer Stats
Hint Answer % Correct
dgls mcrthr Douglas MacArthur
100%
rwn rmml Erwin Rommel
100%
grgy zhkv Georgy Zhukov
100%
brnrd mntgmry Bernard Montgomery
92%
chrls d gll Charles de Gaulle
92%
dwght d snhwr Dwight D. Eisenhower
92%
grg pttn George Patton
92%
chstr w nmtz Chester W. Nimitz
77%
rch vn mnstn Erich von Manstein
69%
hnz gdrn Heinz Guderian
69%
gstf mnnrhm Gustaf Mannerheim
62%
srk ymmt Isoroku Yamamoto
62%
grd vn rndstd Gerd von Rundsted
46%
tmyk ymsht Tomoyuki Yamashita
46%
knstntn rkssvsky Konstantin Rokossovsky
38%
No matching quizzes found
Score Distribution
Percent of People with Each Score
Percentile by Number Answered
Your Score History
You have not taken this quiz